Truyện ngắn Việt Nam đương đại : Diễn trình và động hướng

সংরক্ষণ করুন:
গ্রন্থ-পঞ্জীর বিবরন
প্রধান লেখক: Lê, Hương Thủy
বিন্যাস: গ্রন্থ
ভাষা:Undetermined
প্রকাশিত: Hà Nội Đại học Quốc gia Hà Nội 2019
বিষয়গুলি:
ট্যাগগুলো: ট্যাগ যুক্ত করুন
কোনো ট্যাগ নেই, প্রথমজন হিসাবে ট্যাগ করুন!
Thư viện lưu trữ: Trung tâm Học liệu Trường Đại học Cần Thơ
LEADER 00643nam a2200193Ia 4500
001 CTU_233288
008 210402s9999 xx 000 0 und d
082 |a 895.922301 
082 |b Th523 
100 |a Lê, Hương Thủy 
245 0 |a Truyện ngắn Việt Nam đương đại : 
245 0 |b Diễn trình và động hướng 
245 0 |c Lê Hương Thủy 
260 |a Hà Nội 
260 |b Đại học Quốc gia Hà Nội 
260 |c 2019 
650 |a Truyện ngắn Việt Nam,Short stories, Vietnamese 
910 |b dqhieu 
980 |a Trung tâm Học liệu Trường Đại học Cần Thơ